[Event "14th Agzamov Mem 2021"]
[Site "Tashkent UZB"]
[Date "2021.08.17"]
[Round "2.1"]
[White "Nodirbek Abdusattorov"]
[Black "Artur Gabrielian"]
[Result "1-0"]
[EventDate "?"]
[WhiteElo "2634"]
[BlackElo "2460"]
[PlyCount "50"]

1. e4 c5 2. Nf3 d6 3. d4 cxd4 4. Nxd4 Nf6 5. Nc3 Nc6 6. Bg5 Bd7 7. Nxc6 bxc6 8. Bc4 h6 9. Bh4 e6 10. Qe2 Be7 11. O-O-O Qa5 12. f4 Rb8 13. Bb3 d5 14. exd5 cxd5 15. Nxd5 exd5 16. Bxf6 gxf6 17. Rhe1 Qb4 18. Rd4 Qd6 19. Rxd5 Qxf4+ 20. Rd2 Qe5 21. Qf2 Qf5 22. Qxa7 Rd8 23. Ba4 Qf4 24. Bxd7+ Kf8 25. g3 1-0

[Event "14th Agzamov Mem 2021"]
[Site "Tashkent UZB"]
[Date "2021.08.17"]
[Round "3.1"]
[White "Kirill Stupak"]
[Black "Nodirbek Abdusattorov"]
[Result "0-1"]
[EventDate "?"]
[WhiteElo "2491"]
[BlackElo "2634"]
[PlyCount "80"]

1. d4 Nf6 2. c4 e6 3. Nf3 d5 4. Nc3 Ne4 5. Qc2 Nxc3 6. Qxc3 a5 7. Bg5 Qxg5 8. Nxg5 Bb4 9. e3 Bxc3+ 10. bxc3 dxc4 11. Bxc4 b6 12. Nf3 Bb7 13. a4 Ke7 14. Ke2 Nd7 15. Bd3 g5 16. e4 Rag8 17. Ke3 h5 18. Nd2 f5 19. f3 f4+ 20. Kf2 g4 21. e5 Rd8 22. Be4 Ba6 23. Rad1 c5 24. Bb1 b5 25. axb5 Bxb5 26. Ne4 Rb8 27. Rd2 Bc6 28. Nd6 a4 29. Be4 Bxe4 30. Nxe4 a3 31. Ra1 Rb3 32. Rda2 Ra8 33. Rc2 cxd4 34. cxd4 Nb6 35. Ke2 Nd5 36. Nd2 Re3+ 37. Kf2 Nb4 38. Rc7+ Kd8 39. Rf7 Nd3+ 40. Kf1 Ra4 0-1

[Event "14th Agzamov Mem 2021"]
[Site "Tashkent UZB"]
[Date "2021.08.16"]
[Round "1.1"]
[White "Ulugbek Tillyaev"]
[Black "Nodirbek Abdusattorov"]
[Result "0-1"]
[EventDate "?"]
[WhiteElo "2313"]
[BlackElo "2634"]
[PlyCount "96"]

1. e4 c6 2. Nc3 d5 3. Nf3 dxe4 4. Nxe4 Nf6 5. Qe2 Nxe4 6. Qxe4 Nd7 7. Bc4 Nf6 8. Qe2 Bf5 9. Ne5 e6 10. c3 Bd6 11. d4 Qc7 12. O-O O-O-O 13. a4 h5 14. a5 Nd5 15. a6 b6 16. Kh1 f6 17. Nf3 g5 18. Bd3 Bg4 19. c4 Nb4 20. Be4 Bf4 21. Be3 f5 22. Bb1 Rhe8 23. h3 Bxe3 24. fxe3 Bxf3 25. Qxf3 g4 26. Qf2 Kb8 27. Ra4 c5 28. dxc5 bxc5 29. Ra3 Rd7 30. e4 f4 31. e5 Qxe5 32. Ra5 Rd4 33. Rb5+ Kc8 34. Rb7 Qe3 35. Qh4 f3 36. Re1 fxg2+ 37. Kh2 g1=Q+ 38. Rxg1 Rd2+ 39. Rg2 g3+ 40. Qxg3 Qxg3+ 41. Kxg3 Rg8+ 42. Kf4 Rgxg2 43. Rxa7 Rd4+ 44. Ke3 Rxb2 45. Ra8+ Kc7 46. a7 Kb7 47. Rc8 Rb3+ 48. Ke2 0-1

[Event "Zonal 3.4 2021"]
[Site "Tashkent UZB"]
[Date "2021.05.15"]
[Round "9.1"]
[White "Alisher Suleymenov"]
[Black "Nodirbek Abdusattorov"]
[Result "0-1"]
[EventDate "?"]
[WhiteElo "2438"]
[BlackElo "2627"]
[PlyCount "108"]

1. d4 Nf6 2. c4 e6 3. Nc3 d5 4. cxd5 Nxd5 5. Nf3 c5 6. e3 Nc6 7. Bd3 cxd4 8. exd4 Bb4 9. Bd2 O-O 10. O-O Be7 11. a3 Nf6 12. Bg5 h6 13. Bf4 Bd6 14. Qd2 Bxf4 15. Qxf4 b6 16. Rad1 Bb7 17. Bb1 Ne7 18. Rfe1 Ned5 19. Qg3 Nh5 20. Qe5 Nxc3 21. bxc3 Bxf3 22. gxf3 Qg5+ 23. Qxg5 hxg5 24. c4 Rfd8 25. Kf1 Nf4 26. Bc2 Kf8 27. Ba4 Rac8 28. Bb5 Rd6 29. Rd2 Ke7 30. a4 Rh8 31. Kg1 Rhd8 32. d5 Kf6 33. Bc6 exd5 34. Bxd5 Re6 35. Re3 Re5 36. Kf1 Nxd5 37. Red3 Ke6 38. h3 Rd7 39. cxd5+ Rdxd5 40. Kg2 Kd6 41. Kg3 Rxd3 42. Rxd3+ Rd5 43. Rb3 Rf5 44. Rb1 Rf4 45. a5 Kc6 46. Rc1+ Kb7 47. Re1 Rf5 48. Re7+ Ka6 49. axb6 axb6 50. f4 Rxf4 51. h4 Rf5 52. h5 b5 53. Re8 b4 54. Ra8+ Kb7 0-1

[Event "Zonal 3.4 2021"]
[Site "Tashkent UZB"]
[Date "2021.05.14"]
[Round "8.1"]
[White "Nodirbek Abdusattorov"]
[Black "Bobur Sattarov"]
[Result "1-0"]
[EventDate "?"]
[WhiteElo "2627"]
[BlackElo "2459"]
[PlyCount "120"]

1. Nf3 Nf6 2. c4 c5 3. g3 d5 4. cxd5 Nxd5 5. Bg2 Nc6 6. d4 cxd4 7. Nxd4 Ndb4 8. Nxc6 Qxd1+ 9. Kxd1 Nxc6 10. Nc3 Bd7 11. Be3 O-O-O 12. Ke1 g6 13. h4 h5 14. Rc1 Bg7 15. Bf4 e5 16. Be3 Kb8 17. Bd5 Be8 18. Bc5 Bf8 19. Bxf8 Rxf8 20. f3 Nb4 21. Bb3 Bc6 22. a3 Na6 23. Kf2 Nc5 24. Bc4 a5 25. Rhd1 Rxd1 26. Rxd1 a4 27. Rd6 f6 28. Nd5 Bxd5 29. Rxd5 b6 30. e4 Kc7 31. Ke3 Kc6 32. f4 Re8 33. fxe5 fxe5 34. Bf1 Rf8 35. Be2 Re8 36. Bc4 Kc7 37. Rd1 Rf8 38. Rf1 Rxf1 39. Bxf1 Kd6 40. Bb5 Ke7 41. Bc6 Kf6 42. Kd2 Nb3+ 43. Kd3 Ke7 44. Kc4 Nd4 45. Bxa4 Ne2 46. Kd5 Kf6 47. Bb5 Nxg3 48. a4 g5 49. hxg5+ Kxg5 50. Kxe5 h4 51. Bd7 Nf1 52. b4 Ne3 53. Kd4 Ng4 54. e5 h3 55. a5 bxa5 56. bxa5 h2 57. Bc6 Kf5 58. a6 Nxe5 59. Be4+ Kf4 60. a7 1-0

[Event "Zonal 3.4 2021"]
[Site "Tashkent UZB"]
[Date "2021.05.13"]
[Round "7.1"]
[White "Nodirbek Abdusattorov"]
[Black "Nodirbek Yakubboev"]
[Result "1-0"]
[EventDate "?"]
[WhiteElo "2627"]
[BlackElo "2605"]
[PlyCount "98"]

1. e4 c5 2. Nf3 d6 3. Bb5+ Nd7 4. O-O a6 5. Bd3 Ngf6 6. Re1 e6 7. c3 Be7 8. Bc2 b5 9. d4 Bb7 10. Nbd2 O-O 11. Nf1 Qc7 12. Ng3 Rfc8 13. Bd3 Bf8 14. Bg5 h6 15. Bd2 e5 16. d5 c4 17. Bc2 g6 18. h3 Rcb8 19. Qc1 Kh7 20. Nh2 Bc8 21. Rf1 Bg7 22. Ng4 h5 23. Nxf6+ Nxf6 24. f4 exf4 25. Bxf4 Kg8 26. Bh6 Qe7 27. Bxg7 Kxg7 28. Qg5 Qe5 29. Nf5+ Kg8 30. Nh6+ Kg7 31. h4 Ra7 32. Nf5+ Bxf5 33. Rxf5 Qe7 34. Raf1 Ng4 35. Rxf7+ Qxf7 36. Rxf7+ Rxf7 37. Bd1 Ne5 38. Bxh5 b4 39. Bxg6 Nxg6 40. h5 Rf6 41. e5 dxe5 42. hxg6 bxc3 43. bxc3 Rb1+ 44. Kh2 Rxg6 45. Qxe5+ Kh7 46. Qc7+ Kh6 47. Qxc4 Rb2 48. Qe4 Kg7 49. a4 1-0

[Event "Zonal 3.4 2021"]
[Site "Tashkent UZB"]
[Date "2021.05.12"]
[Round "6.1"]
[White "Shamsiddin Vokhidov"]
[Black "Nodirbek Abdusattorov"]
[Result "0-1"]
[EventDate "?"]
[WhiteElo "2529"]
[BlackElo "2627"]
[PlyCount "118"]

1. e4 c6 2. d4 d5 3. exd5 cxd5 4. c4 Nf6 5. Nc3 e6 6. Nf3 Bb4 7. cxd5 Nxd5 8. Bd2 Nc6 9. Bd3 O-O 10. O-O Be7 11. Nxd5 exd5 12. Qb3 Qd6 13. Rac1 Bf6 14. Rfe1 Rd8 15. h3 g6 16. Bc3 Qf4 17. Bd2 Qd6 18. Bc3 a5 19. Bb5 Bf5 20. Ne5 Bg5 21. Rcd1 Nb4 22. Re2 f6 23. Nf3 Bf4 24. g4 Bc8 25. Rde1 Nc6 26. Qc2 Bd7 27. a3 Kf7 28. Kg2 Re8 29. Rxe8 Bxe8 30. Qb3 Bd7 31. Bd3 Nd8 32. Kg1 a4 33. Qb4 Qxb4 34. Bxb4 Ne6 35. Nh4 Re8 36. Bc3 Bd6 37. Nf3 Nf4 38. Bf1 Rc8 39. Re3 h5 40. gxh5 g5 41. Ne1 Rh8 42. Nd3 Rxh5 43. Nxf4 gxf4 44. Rf3 Bf5 45. Bb4 Rg5+ 46. Kh2 Bb8 47. Bd2 Be4 48. Rc3 f3+ 49. Kh1 Rh5 50. b3 Bf5 51. Kg1 Rh8 52. bxa4 Bxh3 53. Bxh3 Rxh3 54. Be3 Ke6 55. Rb3 Rh7 56. Rb5 Bc7 57. a5 Kf5 58. Rxd5+ Ke4 59. Rb5 Bh2+ 0-1

[Event "Zonal 3.4 2021"]
[Site "Tashkent UZB"]
[Date "2021.05.11"]
[Round "5.2"]
[White "Zhandos Agmanov"]
[Black "Nodirbek Abdusattorov"]
[Result "0-1"]
[EventDate "?"]
[WhiteElo "2413"]
[BlackElo "2627"]
[PlyCount "124"]

1. e4 e5 2. Nf3 Nc6 3. d4 exd4 4. Nxd4 Bc5 5. Nb3 Bb6 6. Nc3 Nge7 7. Qe2 O-O 8. Be3 d6 9. O-O-O f5 10. f4 fxe4 11. Nxe4 Qe8 12. Bxb6 axb6 13. Nc3 Rxf4 14. Qd2 Rf8 15. Nb5 Qd8 16. Kb1 Kh8 17. Be2 Be6 18. Bf3 Bc4 19. N5d4 Ra4 20. Nxc6 bxc6 21. Rhe1 c5 22. Nc1 Bg8 23. Qc3 Rc4 24. Qa3 b5 25. Qa6 b4 26. Nb3 Nf5 27. Bd5 Bxd5 28. Rxd5 Rf4 29. Nxc5 Ne3 30. Ne6 Qh4 31. g3 Qxh2 32. Nxf4 Qxc2+ 33. Ka1 Nxd5 34. Nxd5 Qd2 35. Rf1 Re8 36. Ne7 Qe3 37. Ng6+ hxg6 38. Rh1+ Kg8 39. Qc4+ Re6 40. Qxb4 d5 41. Qb8+ Re8 42. Qxc7 Qe1+ 43. Qc1 Qxg3 44. a3 g5 45. Rg1 Qf4 46. Qc6 Re5 47. Qd7 Kh7 48. Rh1+ Kg6 49. Qc6+ Qf6 50. Qc2+ Qf5 51. Qh2 g4 52. Qh7+ Kf6 53. Qh4+ Kf7 54. Rc1 d4 55. Qd8 d3 56. Rc7+ Kg6 57. Rc6+ Kh7 58. Qh4+ Qh5 59. Qxh5+ Rxh5 60. Rc1 g3 61. Rg1 d2 62. Kb1 Rc5 0-1

[Event "Zonal 3.4 2021"]
[Site "Tashkent UZB"]
[Date "2021.05.10"]
[Round "4.2"]
[White "Nodirbek Abdusattorov"]
[Black "Jakhongir Vakhidov"]
[Result "1/2-1/2"]
[EventDate "?"]
[WhiteElo "2627"]
[BlackElo "2533"]
[PlyCount "110"]

1. d4 Nf6 2. c4 g6 3. Nc3 Bg7 4. Nf3 d5 5. Qb3 dxc4 6. Qxc4 O-O 7. e4 a6 8. Be2 b5 9. Qb3 c5 10. dxc5 Be6 11. Qc2 Nbd7 12. Be3 Rc8 13. Rd1 Qa5 14. a3 b4 15. axb4 Qxb4 16. Nd4 Nxc5 17. O-O Ng4 18. Bxg4 Bxg4 19. f3 Be6 20. Nd5 Bxd5 21. exd5 Bxd4 22. Rxd4 Qb7 23. Qe2 Nd7 24. Rfd1 Rfe8 25. Bg5 Qb6 26. h4 e5 27. dxe6 Rxe6 28. Qf2 Rce8 29. R4d2 Re1+ 30. Rxe1 Rxe1+ 31. Kh2 Qxf2 32. Rxf2 f6 33. Bd2 Rd1 34. Re2 Kf7 35. Bb4 Ne5 36. Kg3 h5 37. Re4 Nc6 38. Bc3 Ne7 39. Ra4 Rd6 40. Rb4 Nd5 41. Rb7+ Ke6 42. Ba5 Rc6 43. Rg7 Rc2 44. Bc3 Kf5 45. Rd7 Nxc3 46. bxc3 Rxc3 47. Rd5+ Ke6 48. Ra5 Rc6 49. Kf4 Kd6 50. g4 hxg4 51. fxg4 Kc7 52. h5 Rc4+ 53. Kf3 Kb6 54. Rd5 Rc3+ 55. Ke4 1/2-1/2

[Event "Zonal 3.4 2021"]
[Site "Tashkent UZB"]
[Date "2021.05.09"]
[Round "3.1"]
[White "Ortik Nigmatov"]
[Black "Nodirbek Abdusattorov"]
[Result "1/2-1/2"]
[EventDate "?"]
[WhiteElo "2421"]
[BlackElo "2627"]
[PlyCount "158"]

1. e4 e5 2. Nf3 Nc6 3. Bc4 Nf6 4. d3 Bc5 5. c3 O-O 6. O-O d5 7. exd5 Nxd5 8. Nbd2 Nb6 9. Bb5 Bd6 10. h3 Bf5 11. Re1 Bg6 12. Nf1 Re8 13. Ng3 a6 14. Bxc6 bxc6 15. Bg5 f6 16. Be3 Bf8 17. d4 exd4 18. Nxd4 Nc4 19. Bf4 c5 20. Rxe8 Qxe8 21. Ndf5 Rd8 22. Qb3 Bf7 23. Qc2 Ne5 24. Rd1 Rxd1+ 25. Qxd1 Bxa2 26. b3 c4 27. b4 Nd3 28. Bxc7 Qc6 29. Bd8 Nf4 30. Ne3 Qd6 31. Qa4 Bb1 32. Qa5 Qc6 33. Bc7 Ne6 34. Bb6 Qb5 35. Qxb5 axb5 36. Ne2 Kf7 37. f4 g6 38. Kf2 h5 39. g3 h4 40. gxh4 Bd6 41. Nd4 Nxd4 42. Bxd4 Bxf4 43. Nd5 Bd6 44. Nxf6 Be7 45. Ng4 Bxh4+ 46. Kf3 Ke6 47. Ne3 Bd8 48. Bh8 Bb6 49. Bg7 Bd3 50. Bh8 g5 51. Bg7 Bg6 52. Bh6 Bh5+ 53. Ke4 Bd8 54. Kd4 Be8 55. Kc5 Be7+ 56. Kb6 Bf6 57. Nc2 Kf5 58. Kc5 Be7+ 59. Kb6 Kg6 60. Bxg5 Kxg5 61. Nd4 Kf4 62. Nxb5 Bxb4 63. Nc7 Bf7 64. cxb4 c3 65. Nb5 c2 66. Nd4 c1=N 67. b5 Ke5 68. Nc6+ Kd6 69. h4 Ne2 70. Na5 Nd4 71. Nb7+ Kd5 72. Nd8 Bh5 73. Nc6 Nf5 74. Kc7 Nd6 75. Nb4+ Ke6 76. b6 Bf3 77. h5 Bxh5 78. b7 Nxb7 79. Kxb7 1/2-1/2

[Event "Zonal 3.4 2021"]
[Site "Tashkent UZB"]
[Date "2021.05.08"]
[Round "2.1"]
[White "Nodirbek Abdusattorov"]
[Black "Petr Kostenko"]
[Result "1-0"]
[EventDate "?"]
[WhiteElo "2627"]
[BlackElo "2404"]
[PlyCount "236"]

1. d4 Nf6 2. c4 e6 3. Nc3 Bb4 4. g3 c5 5. Nf3 b6 6. Bg2 Bb7 7. O-O cxd4 8. Qxd4 Nc6 9. Qd3 Rc8 10. Rd1 Na5 11. b3 d5 12. a3 Be7 13. Qb1 O-O 14. e4 Nxc4 15. bxc4 Rxc4 16. Bb2 d4 17. e5 dxc3 18. Rxd8 Rxd8 19. Bxc3 Rxc3 20. exf6 gxf6 21. Nh4 Bxg2 22. Kxg2 Bxa3 23. Qe4 a5 24. Nf3 Bc5 25. Ra4 Bb4 26. Rxb4 axb4 27. Qxb4 Rc5 28. Qxb6 Rcd5 29. g4 Kg7 30. h4 h6 31. Qb2 Ra8 32. Nd2 Ra4 33. f3 Rda5 34. Kg3 Ra2 35. Qb6 Ra6 36. Qe3 R6a3 37. Qd4 Ra4 38. Qd6 Ra6 39. Qf4 e5 40. Qc4 R6a4 41. Qc6 Ra6 42. Qc3 R6a3 43. Qc1 Ra1 44. Qc5 Ra5 45. Qb6 Ra6 46. Qd8 Rd1 47. Qd5 Raa1 48. Kf2 Rac1 49. Ke2 Rh1 50. Qb3 Rce1+ 51. Kd3 Rxh4 52. Ne4 Rh3 53. Qb7 Rxf3+ 54. Kd2 Rxe4 55. Qxe4 Rf4 56. Qg2 Kg6 57. Qh3 Kg7 58. Ke2 Kg6 59. Qd3+ Kg7 60. Qd7 h5 61. gxh5 Rh4 62. Qf5 Rf4 63. Qh3 Kh6 64. Ke1 f5 65. Qb3 Re4+ 66. Kf2 Rf4+ 67. Ke3 Re4+ 68. Kd3 Rd4+ 69. Kc2 Kxh5 70. Qxf7+ Kg5 71. Kc3 Kf4 72. Qh5 Ke4 73. Qe2+ Kd5 74. Qf3+ Ke6 75. Qc6+ Rd6 76. Qe8+ Kf6 77. Qf8+ Ke6 78. Qg7 e4 79. Kc4 Rd3 80. Qh8 Rf3 81. Qe8+ Kf6 82. Qc6+ Ke5 83. Qd5+ Kf4 84. Qd6+ Ke3 85. Qh2 Rf2 86. Qg3+ Rf3 87. Qe1+ Kf4 88. Kd5 Kg4 89. Ke5 Kh3 90. Qh1+ Kg3 91. Qg1+ Kh3 92. Kd5 e3 93. Kd4 f4 94. Ke5 e2 95. Qe1 Kg2 96. Qxe2+ Rf2 97. Qg4+ Kf1 98. Ke4 Ke1 99. Qg1+ Ke2 100. Qc1 f3 101. Qg1 Rg2 102. Qe3+ Kf1 103. Qxf3+ Kg1 104. Ke3 Kh2 105. Qh5+ Kg1 106. Qh4 Rg8 107. Kf3 Rf8+ 108. Kg3 Rg8+ 109. Kh3 Re8 110. Qf4 Rh8+ 111. Kg3 Rg8+ 112. Kf3 Rg2 113. Qh4 Rg8 114. Qe1+ Kh2 115. Qd2+ Kh1 116. Qc1+ Kh2 117. Qc2+ Kg1 118. Qb1+ 1-0

[Event "Zonal 3.4 2021"]
[Site "Tashkent UZB"]
[Date "2021.05.07"]
[Round "1.1"]
[White "Elbek Jumanov"]
[Black "Nodirbek Abdusattorov"]
[Result "0-1"]
[EventDate "?"]
[WhiteElo "2209"]
[BlackElo "2627"]
[PlyCount "86"]

1. c4 Nf6 2. g3 g6 3. Bg2 Bg7 4. Nf3 d5 5. d4 O-O 6. O-O Nc6 7. b3 dxc4 8. bxc4 e5 9. dxe5 Qxd1 10. Rxd1 Nd7 11. Ba3 Ncxe5 12. Bxf8 Nxf3+ 13. Bxf3 Kxf8 14. Nd2 Bxa1 15. Rxa1 c6 16. Rb1 Nc5 17. Nb3 Bf5 18. Rc1 Nd7 19. Nd4 Be6 20. Rb1 Nc5 21. Nb3 Nxb3 22. Rxb3 b5 23. cxb5 Bxb3 24. axb3 Rd8 25. Bxc6 Rd4 26. Kf1 Ke7 27. e4 Kd6 28. Ke2 a5 29. Bd5 f5 30. Ke3 Rb4 31. f3 fxe4 32. fxe4 Ke5 33. Kd3 Rxb5 34. Bg8 Rb4 35. Bd5 g5 36. Ke3 g4 37. Kd3 Rb6 38. Kc4 Rh6 39. Kb5 Rxh2 40. Kxa5 h5 41. b4 h4 42. b5 hxg3 43. b6 Rb2 0-1

[Event "ch-UZB 2021"]
[Site "Tashkent UZB"]
[Date "2021.04.29"]
[Round "13.6"]
[White "Nodirbek Abdusattorov"]
[Black "Saidakbar Saydaliev"]
[Result "1/2-1/2"]
[EventDate "?"]
[WhiteElo "2627"]
[BlackElo "2385"]
[PlyCount "94"]

1. e4 c5 2. Nf3 Nc6 3. Bb5 g6 4. Bxc6 dxc6 5. d3 Bg7 6. h3 e5 7. a3 Qe7 8. Nbd2 Nf6 9. b4 Nd7 10. bxc5 Nxc5 11. a4 Be6 12. Ba3 b6 13. O-O O-O 14. Nb3 Bxb3 15. cxb3 Rfd8 16. Qc2 Bf8 17. Bxc5 Qxc5 18. Qxc5 Bxc5 19. Nxe5 Rd6 20. Rfd1 Rad8 21. Rac1 f6 22. Nxc6 Rxc6 23. b4 Bxf2+ 24. Kxf2 Rxc1 25. Rxc1 Rxd3 26. Rc8+ Kg7 27. Rc7+ Kh6 28. e5 fxe5 29. Rxa7 Ra3 30. b5 e4 31. h4 g5 32. g3 gxh4 33. gxh4 Kg6 34. Ke2 h5 35. Kd2 Kf5 36. Ra6 e3+ 37. Ke1 Ke4 38. Rxb6 Rxa4 39. Rf6 Ra1+ 40. Ke2 Ra2+ 41. Ke1 Ra1+ 42. Ke2 Ra2+ 43. Kf1 Ra1+ 44. Ke2 Ra2+ 45. Kd1 Ra1+ 46. Ke2 Ra2+ 47. Ke1 1/2-1/2

[Event "ch-UZB 2021"]
[Site "Tashkent UZB"]
[Date "2021.04.27"]
[Round "11.6"]
[White "Samandar Shermuhammadov"]
[Black "Nodirbek Abdusattorov"]
[Result "0-1"]
[EventDate "?"]
[WhiteElo "2063"]
[BlackElo "2627"]
[PlyCount "98"]

1. e4 c5 2. Nf3 e6 3. d4 cxd4 4. Nxd4 Nc6 5. Nc3 Qc7 6. g3 a6 7. Bg2 Nf6 8. O-O h5 9. h3 Bc5 10. Be3 d6 11. Qd2 Bxd4 12. Bxd4 Nxd4 13. Qxd4 e5 14. Qe3 Be6 15. f4 h4 16. g4 exf4 17. Rxf4 Nd7 18. Nd5 Qd8 19. Qd4 O-O 20. Ne3 Ne5 21. Nf5 Qg5 22. Rf2 Rfd8 23. b3 g6 24. Qe3 Qxe3 25. Nxe3 Kf8 26. Rd1 b5 27. Rfd2 Ke7 28. Ra1 a5 29. a4 b4 30. Kf2 Rac8 31. Rad1 Rc3 32. Bf1 Rc5 33. Be2 f6 34. Ba6 Nf7 35. Bd3 Rc3 36. Re1 Rdc8 37. Kg2 Kf8 38. Nd1 R3c5 39. Ne3 Ne5 40. Ba6 Rd8 41. Bb7 Rc3 42. Bd5 Bc8 43. Bc4 Bb7 44. Rd4 Kg7 45. Re2 Kh6 46. Kf2 Kg5 47. Red2 Re8 48. Rxd6 Bxe4 49. Ra6 Rxe3 0-1

[Event "ch-UZB 2021"]
[Site "Tashkent UZB"]
[Date "2021.04.26"]
[Round "10.1"]
[White "Nodirbek Abdusattorov"]
[Black "Khumoyun Begmuratov"]
[Result "1-0"]
[EventDate "?"]
[WhiteElo "2627"]
[BlackElo "1971"]
[PlyCount "28"]

1. e4 e5 2. Nf3 Nc6 3. Bb5 Nf6 4. d3 Bc5 5. O-O d6 6. c3 Bg4 7. d4 Nxe4 8. Re1 f5 9. dxc5 Nxc5 10. h3 Bh5 11. Nxe5 dxe5 12. Qxh5+ g6 13. Rxe5+ Kd7 14. Rd5+ Ke6 1-0

[Event "ch-UZB 2021"]
[Site "Tashkent UZB"]
[Date "2021.04.25"]
[Round "9.5"]
[White "Marat Dzhumaev"]
[Black "Nodirbek Abdusattorov"]
[Result "1/2-1/2"]
[EventDate "?"]
[WhiteElo "2425"]
[BlackElo "2627"]
[PlyCount "84"]

1. d4 Nf6 2. c4 e6 3. Nc3 c5 4. d5 exd5 5. cxd5 d6 6. Nf3 g6 7. Bf4 a6 8. a4 Bg7 9. h3 O-O 10. e3 Nh5 11. Bh2 f5 12. Be2 f4 13. O-O Nd7 14. Nd2 fxe3 15. fxe3 Rxf1+ 16. Qxf1 Ne5 17. Bxh5 gxh5 18. Nde4 b6 19. Bf4 Nf7 20. Qf3 Bf5 21. Nxd6 Nxd6 22. Bxd6 Qxd6 23. Qxf5 Re8 24. Rf1 Qg6 25. d6 Qxf5 26. Rxf5 Rd8 27. Rd5 Kf7 28. Ne4 Bxb2 29. a5 bxa5 30. Nxc5 Ba3 31. Nb7 Rd7 32. Nxa5 Rxd6 33. Rxh5 Kg6 34. Re5 Bb4 35. Kf2 h5 36. Nb3 Rb6 37. Rd5 h4 38. Ke2 Bc3 39. Nc5 Bb4 40. Nd3 a5 41. Nxb4 axb4 42. Kd2 1/2-1/2

[Event "ch-UZB 2021"]
[Site "Tashkent UZB"]
[Date "2021.04.24"]
[Round "8.2"]
[White "Nodirbek Abdusattorov"]
[Black "Nodirbek Yakubboev"]
[Result "1/2-1/2"]
[EventDate "?"]
[WhiteElo "2627"]
[BlackElo "2605"]
[PlyCount "144"]

1. e4 e5 2. Nf3 Nc6 3. Bc4 Bc5 4. c3 Nf6 5. d4 exd4 6. e5 d5 7. Bb5 Ne4 8. cxd4 Bb6 9. Nc3 O-O 10. Be3 Bg4 11. h3 Bh5 12. Qc2 Bg6 13. Qb3 Ne7 14. O-O c6 15. Bd3 Nd2 16. Nxd2 Bxd3 17. Rfe1 Bg6 18. Na4 Nf5 19. Nxb6 axb6 20. Nf3 Nxe3 21. Qxe3 Qe7 22. a3 c5 23. Qb3 Be4 24. Qxb6 Bxf3 25. gxf3 Qh4 26. e6 Qxh3 27. e7 Rfe8 28. Qxb7 Qxf3 29. Re3 Qg4+ 30. Kf1 g6 31. dxc5 Qc4+ 32. Re2 d4 33. Rd1 d3 34. Re3 d2+ 35. Re2 Qxc5 36. Rdxd2 Qc1+ 37. Kg2 Ra5 38. Rd5 Qc4 39. Ree5 Qg4+ 40. Kf1 Qc4+ 41. Ke1 Rxd5 42. Qxd5 Qc1+ 43. Qd1 Qc7 44. Qe2 Qc1+ 45. Qd1 Qc7 46. Qd4 Rxe7 47. Rxe7 Qxe7+ 48. Kf1 h5 49. a4 h4 50. a5 Qb7 51. Qxh4 Qb5+ 52. Kg1 Qxa5 53. b4 Qa1+ 54. Kg2 Qa8+ 55. Kh2 Qd5 56. Qe7 Kg7 57. Kg3 Qd3+ 58. f3 Qd4 59. Qc5 Qxc5 60. bxc5 Kf8 61. Kf4 f6 62. Ke4 Ke7 63. Kd5 g5 64. Kc6 f5 65. Kb7 g4 66. fxg4 fxg4 67. c6 g3 68. c7 g2 69. c8=Q g1=Q 70. Qc7+ Ke6 71. Qb6+ Qxb6+ 72. Kxb6 1/2-1/2

[Event "ch-UZB 2021"]
[Site "Tashkent UZB"]
[Date "2021.04.23"]
[Round "7.4"]
[White "Mukhiddin Madaminov"]
[Black "Nodirbek Abdusattorov"]
[Result "1/2-1/2"]
[EventDate "?"]
[WhiteElo "2258"]
[BlackElo "2627"]
[PlyCount "216"]

1. e4 c5 2. Nf3 e6 3. d4 cxd4 4. Nxd4 Nf6 5. Nc3 Nc6 6. Nxc6 bxc6 7. e5 Nd5 8. Ne4 Qc7 9. f4 Qb6 10. c4 Bb4+ 11. Ke2 f5 12. exf6 Nxf6 13. Be3 Qd8 14. Nd6+ Bxd6 15. Qxd6 Bb7 16. Rd1 Rc8 17. Bc5 Ne4 18. Qe5 Nxc5 19. Qxc5 Qe7 20. Qxe7+ Kxe7 21. c5 Ba6+ 22. Kd2 Bxf1 23. Rhxf1 Rb8 24. Kc3 a5 25. Rd4 Rb5 26. Rc4 h5 27. a3 Rb7 28. Rb1 h4 29. b4 h3 30. g3 Rh5 31. Rd1 axb4+ 32. axb4 Ra7 33. Kb2 Rb7 34. Kb3 g6 35. g4 Rh4 36. g5 Rh7 37. Rd3 Rb8 38. Rcc3 Rbh8 39. Rf3 Rh4 40. Rce3 R8h7 41. Kc3 Kf8 42. Kd4 Rf7 43. Rxh3 Rfxf4+ 44. Ke5 Ke7 45. Rxh4 Rxh4 46. Rf3 Rxh2 47. Rf6 Re2+ 48. Kd4 Rg2 49. Rxg6 Kf7 50. Rf6+ Kg7 51. Rf4 Rxg5 52. Ke4 Rh5 53. Ke3 Rh3+ 54. Kd4 Kg6 55. Rf8 Rh1 56. Ke4 Kg7 57. Rf2 Re1+ 58. Kd4 Kg6 59. Rf8 Rd1+ 60. Ke5 Kg7 61. Rf2 Rd5+ 62. Ke4 Kg6 63. Rf8 Kg5 64. Rf7 Kh6 65. Rf6+ Kh5 66. Rf7 Kg5 67. Rf8 Rd1 68. Ke5 Kg6 69. Rf2 Kg7 70. Rf3 Kg8 71. Rf2 Rd5+ 72. Ke4 Kg7 73. Rf3 Kh6 74. Rf7 Kg5 75. Rf1 Rf5 76. Rd1 Rd5 77. Rf1 Rd2 78. Ke5 Kg6 79. Rf8 Rb2 80. Kd6 Rd2+ 81. Ke5 Rd1 82. Rf2 Rd3 83. Rf8 Rd5+ 84. Ke4 Rf5 85. Rd8 Rd5 86. Rf8 Kh6 87. Rf6+ Kh5 88. Rf7 Kg5 89. Rf8 Kg6 90. Rf2 Rf5 91. Rd2 Rf7 92. Ke5 Rf5+ 93. Ke4 Rd5 94. Rf2 Kg7 95. Rf1 Kg8 96. Rf2 Rd1 97. Ke5 Kg7 98. Rf3 Re1+ 99. Kd6 Rd1+ 100. Ke5 Kg6 101. Rf8 Rd5+ 102. Ke4 Rh5 103. Rd8 Kf6 104. Rxd7 Rh4+ 105. Kd3 Ke5 106. Kc3 Rh8 107. Rd6 Rc8 108. Kc4 1/2-1/2

[Event "ch-UZB 2021"]
[Site "Tashkent UZB"]
[Date "2021.04.22"]
[Round "6.3"]
[White "Nodirbek Abdusattorov"]
[Black "Almas Rakhmatullaev"]
[Result "1-0"]
[EventDate "?"]
[WhiteElo "2627"]
[BlackElo "2190"]
[PlyCount "58"]

1. e4 e5 2. Nf3 Nc6 3. Bc4 Bc5 4. b4 Bxb4 5. c3 Ba5 6. d4 exd4 7. Qb3 Qe7 8. O-O Nf6 9. cxd4 Nxe4 10. Ba3 Nd6 11. Nc3 Bxc3 12. Qxc3 O-O 13. d5 b5 14. Rfe1 Qd8 15. Bb2 Qf6 16. Qc1 Qh6 17. Qxh6 gxh6 18. Bxb5 Nb4 19. Rad1 Nxb5 20. Re4 f6 21. Rxb4 Ba6 22. Rg4+ Kf7 23. Rf4 Kg7 24. Re1 Nd6 25. Re7+ Kg6 26. Rg4+ Kh5 27. Reg7 Nf5 28. Rh4+ Nxh4 29. g4# 1-0

[Event "ch-UZB 2021"]
[Site "Tashkent UZB"]
[Date "2021.04.21"]
[Round "5.3"]
[White "Mukhammadali Abdurakhmonov"]
[Black "Nodirbek Abdusattorov"]
[Result "0-1"]
[EventDate "?"]
[WhiteElo "2284"]
[BlackElo "2627"]
[PlyCount "160"]

1. d4 Nf6 2. c4 e6 3. Nc3 Bb4 4. Qc2 b6 5. e4 c5 6. dxc5 Bb7 7. Bd3 Bxc5 8. Nf3 Nc6 9. a3 Ng4 10. O-O h5 11. Bf4 a6 12. Ne2 Be7 13. Qd2 d6 14. Bc2 Qc7 15. Rfd1 Nce5 16. Nxe5 dxe5 17. Bg5 f6 18. Be3 Rd8 19. Qc3 Kf7 20. Bd2 Bc5 21. Be1 Bd4 22. Qb3 Qc5 23. Nxd4 exd4 24. h3 Ne5 25. Bd3 g5 26. Bb4 Qc6 27. Re1 g4 28. h4 f5 29. Bd2 Rhe8 30. Bg5 Nxd3 31. Qxd3 fxe4 32. Qd2 Qc5 33. Qf4+ Kg8 34. Bxd8 Rxd8 35. Qf6 Qd6 36. Qg6+ Kf8 37. Qh6+ Kg8 38. Qxh5 Qf4 39. Qg6+ Kf8 40. Qh7 Qf7 41. Qh6+ Ke7 42. Rad1 d3 43. Qe3 Rd6 44. c5 bxc5 45. Qxc5 Qf5 46. Qc3 Qf6 47. Qb4 Bc6 48. Rxe4 a5 49. Qc4 g3 50. Rf4 Qe5 51. Qc1 d2 52. Qc4 Qe1+ 53. Qf1 Qxf1+ 54. Kxf1 Bb5+ 55. Kg1 Be2 56. Rxd2 Rxd2 57. fxg3 Rxb2 58. g4 e5 59. Ra4 Bb5 60. Re4 Ke6 61. Re3 Bc6 62. g3 Ba4 63. Rc3 Rb3 64. Rxb3 Bxb3 65. Kf2 Bd1 66. g5 Bh5 67. Ke3 Kd5 68. Kd3 e4+ 69. Ke3 a4 70. g4 Bxg4 71. g6 Ke5 72. g7 Be6 73. h5 Bg8 74. h6 Bh7 75. Ke2 Kf4 76. Kf2 e3+ 77. Ke2 Ke4 78. Ke1 Kf3 79. Kf1 e2+ 80. Ke1 Bg8 0-1

[Event "ch-UZB 2021"]
[Site "Tashkent UZB"]
[Date "2021.04.20"]
[Round "4.4"]
[White "Nodirbek Abdusattorov"]
[Black "Shamsiddin Vokhidov"]
[Result "1/2-1/2"]
[EventDate "?"]
[WhiteElo "2627"]
[BlackElo "2529"]
[PlyCount "162"]

1. e4 c5 2. Nf3 e6 3. g3 Nc6 4. Bg2 Nf6 5. Qe2 e5 6. O-O Be7 7. c3 O-O 8. Na3 Re8 9. d3 h6 10. Nc4 Bf8 11. Ne3 d5 12. exd5 Nxd5 13. Nxd5 Qxd5 14. Nd2 Qd8 15. Nc4 Bf5 16. Be4 Qd7 17. a4 Rad8 18. a5 Bg4 19. Qc2 Be6 20. Qa4 Rb8 21. f4 exf4 22. Bxf4 Rbc8 23. a6 bxa6 24. Rfe1 g5 25. Be3 Bd5 26. Bf2 Bxe4 27. Rxe4 Rxe4 28. dxe4 Re8 29. Rd1 Qg4 30. h3 Qf3 31. Nd2 Qe2 32. Nc4 Rxe4 33. Re1 Qf3 34. Rxe4 Qxe4 35. Qxa6 Ne7 36. Qb5 Nf5 37. Nd2 Qc2 38. Nf1 Nd6 39. Qxc5 Qxb2 40. Qxa7 Qxc3 41. Qa8 Qc2 42. Bd4 Ne4 43. Qd5 Nc3 44. Bxc3 Qxc3 45. Qd8 Qf3 46. Qb8 Qe2 47. Qd8 Qe4 48. Qc8 Qd4+ 49. Kg2 Kg7 50. Qc2 Bc5 51. Qe2 h5 52. g4 h4 53. Kf3 Qd5+ 54. Qe4 Qb3+ 55. Ne3 Qc3 56. Ke2 Bxe3 57. Qxe3 Qf6 58. Kd3 Qf1+ 59. Kd4 Qd1+ 60. Ke4 Qb1+ 61. Kd4 Qb6+ 62. Kd3 Qb5+ 63. Kd4 Kf6 64. Qf2+ Kg6 65. Qc2+ Kg7 66. Qc3 Qf1 67. Qe3 Qd1+ 68. Kc4 Qa4+ 69. Kd3 Qb5+ 70. Kd4 Qd7+ 71. Ke4 Kg6 72. Qd3 f5+ 73. gxf5+ Qxf5+ 74. Ke3 Qxd3+ 75. Kxd3 g4 76. Ke3 g3 77. Kf3 Kf5 78. Kg2 Kf4 79. Kf1 Kf3 80. Kg1 g2 81. Kh2 Kf2 1/2-1/2